000 00725cab a2200241 4500
001 ABS45915
008 090401t1992 xxu||||| |||| 00| 0 eng d
035 _a(Sirsi) u55862
041 _aeng
100 _aEduljee, G.
245 _aLand offensive campaign
260 _c1992
350 _a0
490 _aSurveyor
_v177(5181) 27 February 1992, 10-12(3)
520 _aExamines the use which can be made of the registers of contaminated land which are to be compiled under Environmental Protection Act 1990.
650 _aCONTAMINATED LAND REGISTERS
650 _aCONTAMINATED LAND
650 _aENVIRONMENTAL PROTECTION ACT 1990
690 _aLAND
700 _aPetts, J.
942 _n0
948 _c04/03/1997
999 _c34142
_d34142